Môi trường trong lành và phát triển bền vững
保存先:
| フォーマット: | 図書 |
|---|---|
| 言語: | Undetermined |
| 出版事項: |
Hà Nội
Khoa học Kỹ thuật
1994
|
| 主題: | |
| タグ: |
タグ追加
タグなし, このレコードへの初めてのタグを付けませんか!
|
| Thư viện lưu trữ: | Trung tâm Học liệu Trường Đại học Cần Thơ |
|---|
| LEADER | 00471nam a2200157Ia 4500 | ||
|---|---|---|---|
| 001 | CTU_122681 | ||
| 008 | 210402s9999 xx 000 0 und d | ||
| 082 | |a 363.7 | ||
| 082 | |b M452 | ||
| 245 | 0 | |a Môi trường trong lành và phát triển bền vững | |
| 260 | |a Hà Nội | ||
| 260 | |b Khoa học Kỹ thuật | ||
| 260 | |c 1994 | ||
| 650 | |a Environmental protection | ||
| 904 | |i M.Loan | ||
| 980 | |a Trung tâm Học liệu Trường Đại học Cần Thơ | ||